| 000 | 00516cam a2200205ua 4500 | ||
|---|---|---|---|
| 020 | _cRs 1.00 | ||
| 041 |
_amal _h |
||
| 082 |
_a894.812 1 _bIPE/HA |
||
| 100 | _aIpe, Vidwan V T . | ||
| 245 |
_aHaasyavilasam, Part 2 / _cVidwan V T Ipe. _hTextual Documents |
||
| 250 |
_a1 / _b. |
||
| 260 |
_aKottayam : _bVidyarthi Mithram Book Depo , _c1962. |
||
| 300 | _a95 ; . | ||
| 365 | _aRs 1.00 | ||
| 504 | _a | ||
| 650 | _aOttanthullal | ||
| 650 | _aPoems - Malayalam | ||
| 942 | _cBK | ||
| 999 |
_c597 _d597 |
||